عرض عادي
عرض مارك
- Hill, Craig L.
مدخل إسم شخص
001 - رقم الضبط
- حقل الضبط: 42104
003 - معرف رقم الضبط
- حقل الضبط: OSt
005 - تاريخ ووقت أخر عملية
- حقل الضبط: 20140111125650.0
008 - عناصر بيانات ثابتة الطول
- حقل تحكم ثابت الطول: 140111|||a|||||| | ||| d
040 ## - مصدر الفهرسة
- هيئة الفهرسة الأصلية: OSt
- وكالة الكتابة: OSt
100 ## - مدخل -- أسم شخص
- إسم شخص: Hill, Craig L.
670 ## - بيانات المصدر موجوده
- الاستشهاد بالمصدر: Work cat.: (OSt)0: NATO Advanced Research Workshop on From Simplicity to Complexity in Chemistry and Beyond: Interplay Theory and Experiment (2008 : Baku, Azerbaijan) 42103, Complexity in chemistry and beyond: Interplay theory and experiment, c2012.
